[Event "George Trundle NZ Masters 2017"]
[Site "Auckland, NZL"]
[Date "2017.10.08"]
[Round "9.1"]
[White "Lukey, Stephen G"]
[Black "Reilly, Tim"]
[Result "1/2-1/2"]
[BlackElo "2153"]
[WhiteElo "2188"]
[LiveChessVersion "1.4.8"]

1. d4 {[%clk 1:30:50]} d6 {[%clk 1:30:45]} 2. Nf3 {[%clk 1:30:39]} g6
{[%clk 1:31:03]} 3. c4 {[%clk 1:30:58]} f5 {[%clk 1:31:24]} 4. g3
{[%clk 1:31:16]} Nf6 {[%clk 1:31:43]} 5. Bg2 {[%clk 1:31:35]} Bg7
{[%clk 1:32:07]} 6. O-O {[%clk 1:31:59]} O-O {[%clk 1:32:33]} 7. Nc3
{[%clk 1:32:24]} c6 {[%clk 1:32:59]} 8. b3 {[%clk 1:32:33]} Qa5 {[%clk 1:32:38]}
9. Bb2 {[%clk 1:32:38]} e5 {[%clk 1:32:25]} 10. Qd2 {[%clk 1:31:38]} Nbd7
{[%clk 1:23:12]} 11. Rfd1 {[%clk 1:24:39]} Re8 {[%clk 1:06:19]} 12. Rac1
{[%clk 1:21:17]} Nf8 {[%clk 0:54:36]} 13. e3 {[%clk 1:00:18]} Bd7
{[%clk 0:43:03]} 14. c5 {[%clk 0:53:20]} exd4 {[%clk 0:42:29]} 15. exd4
{[%clk 0:47:47]} dxc5 {[%clk 0:40:26]} 16. dxc5 {[%clk 0:46:51]} Rad8
{[%clk 0:34:16]} 17. Ne4 {[%clk 0:21:49]} Qxd2 {[%clk 0:34:13]} 18. Nexd2
{[%clk 0:17:06]} Be6 {[%clk 0:32:16]} 19. Re1 {[%clk 0:14:21]} Bd5
{[%clk 0:32:19]} 20. Rxe8 {[%clk 0:11:44]} Rxe8 {[%clk 0:32:20]} 21. Kf1
{[%clk 0:11:34]} Ne4 {[%clk 0:29:21]} 22. Bxg7 {[%clk 0:09:58]} Kxg7
{[%clk 0:29:24]} 23. Nxe4 {[%clk 0:09:17]} Bxe4 {[%clk 0:29:17]} 24. Rd1
{[%clk 0:09:22]} Re7 {[%clk 0:23:39]} 25. Ne1 {[%clk 0:08:24]} 1/2-1/2

[Event "George Trundle NZ Masters 2017"]
[Site "Auckland, NZL"]
[Date "2017.10.08"]
[Round "9.2"]
[White "Van Riemsdijk, Herman C."]
[Black "Chan, Peng Kong"]
[Result "1/2-1/2"]
[BlackElo "2170"]
[WhiteElo "2306"]
[LiveChessVersion "1.4.8"]

1. e4 {[%clk 1:30:55]} c5 {[%clk 1:30:55]} 2. Nf3 {[%clk 1:31:19]} e6
{[%clk 1:31:19]} 3. d4 {[%clk 1:31:35]} cxd4 {[%clk 1:31:43]} 4. Nxd4
{[%clk 1:32:00]} a6 {[%clk 1:31:52]} 5. Bd3 {[%clk 1:31:31]} Nf6 {[%clk 1:29:59]}
6. O-O {[%clk 1:31:27]} d6 {[%clk 1:30:06]} 7. c4 {[%clk 1:27:44]} g6
{[%clk 1:29:53]} 8. Nc3 {[%clk 1:26:41]} Bg7 {[%clk 1:30:17]} 9. Be3
{[%clk 1:26:24]} O-O {[%clk 1:28:46]} 10. Qe2 {[%clk 1:24:12]} Qc7
{[%clk 1:26:11]} 11. Rac1 {[%clk 1:23:58]} Nbd7 {[%clk 1:26:28]} 12. f4
{[%clk 1:23:37]} b6 {[%clk 1:26:09]} 13. Kh1 {[%clk 1:18:50]} Bb7
{[%clk 1:26:17]} 14. Nf3 {[%clk 1:17:45]} Rac8 {[%clk 1:22:14]} 15. Bg1
{[%clk 1:14:26]} 1/2-1/2

[Event "George Trundle NZ Masters 2017"]
[Site "Auckland, NZL"]
[Date "2017.10.08"]
[Round "9.3"]
[White "Croad, Nicholas"]
[Black "Smith, Robert W"]
[Result "1-0"]
[BlackElo "2230"]
[WhiteElo "2247"]
[LiveChessVersion "1.4.8"]

1. d4 {[%clk 1:30:58]} Nf6 {[%clk 1:30:55]} 2. c4 {[%clk 1:31:24]} g6
{[%clk 1:31:09]} 3. Nc3 {[%clk 1:31:42]} Bg7 {[%clk 1:31:32]} 4. e4
{[%clk 1:31:59]} d6 {[%clk 1:31:56]} 5. h3 {[%clk 1:32:07]} O-O {[%clk 1:32:04]}
6. Nf3 {[%clk 1:32:31]} Na6 {[%clk 1:27:46]} 7. Bg5 {[%clk 1:32:17]} c5
{[%clk 1:22:48]} 8. d5 {[%clk 1:32:32]} e6 {[%clk 1:22:13]} 9. Bd3
{[%clk 1:32:42]} Re8 {[%clk 1:18:36]} 10. O-O {[%clk 1:32:58]} Nc7
{[%clk 1:17:02]} 11. a4 {[%clk 1:31:30]} h6 {[%clk 1:15:35]} 12. Be3
{[%clk 1:26:04]} Na6 {[%clk 1:05:24]} 13. Qd2 {[%clk 1:24:10]} exd5
{[%clk 1:04:45]} 14. cxd5 {[%clk 1:22:42]} Kh7 {[%clk 1:03:24]} 15. Rad1
{[%clk 1:19:18]} Nb4 {[%clk 1:02:56]} 16. Bb1 {[%clk 1:19:32]} b6
{[%clk 1:02:47]} 17. Rfe1 {[%clk 1:18:36]} Ba6 {[%clk 0:57:27]} 18. Bf4
{[%clk 1:17:55]} Bc4 {[%clk 0:57:27]} 19. Nb5 {[%clk 1:05:07]} Bxb5
{[%clk 0:56:21]} 20. axb5 {[%clk 1:05:32]} Qd7 {[%clk 0:51:09]} 21. Bd3
{[%clk 0:45:38]} a6 {[%clk 0:44:01]} 22. bxa6 {[%clk 0:45:08]} b5
{[%clk 0:44:24]} 23. e5 {[%clk 0:30:40]} Nxd3 {[%clk 0:33:18]} 24. Qxd3
{[%clk 0:30:12]} Nh5 {[%clk 0:32:24]} 25. Bh2 {[%clk 0:30:08]} dxe5
{[%clk 0:32:40]} 26. Nxe5 {[%clk 0:29:42]} Bxe5 {[%clk 0:32:24]} 27. Rxe5
{[%clk 0:28:09]} Rxe5 {[%clk 0:30:41]} 28. Bxe5 {[%clk 0:28:35]} Rxa6
{[%clk 0:31:09]} 29. g4 {[%clk 0:27:34]} f6 {[%clk 0:26:45]} 30. gxh5
{[%clk 0:26:59]} fxe5 {[%clk 0:27:14]} 31. d6 {[%clk 0:27:19]} Ra8
{[%clk 0:21:02]} 32. Qxg6+ Kh8 33. Kh2 {[%clk 0:27:13]} Qg7 {[%clk 0:21:08]} 34.
d7 {[%clk 0:19:25]} Qxg6 {[%clk 0:21:17]} 35. hxg6 {[%clk 0:19:54]} Rd8
{[%clk 0:21:38]} 36. Kg3 {[%clk 0:20:15]} Kg7 {[%clk 0:21:52]} 37. Rd6
{[%clk 0:20:30]} c4 {[%clk 0:21:53]} 38. Kf3 {[%clk 0:20:33]} b4 {[%clk 0:22:18]}
39. Ke4 {[%clk 0:20:39]} c3 {[%clk 0:22:04]} 40. bxc3 {[%clk 0:51:05]} b3
{[%clk 0:49:56]} 41. Kd3 {[%clk 0:47:04]} e4+ {[%clk 0:50:21]} 42. Kd2
{[%clk 0:47:16]} Kf8 {[%clk 0:50:19]} 43. c4 {[%clk 0:47:24]} Ke7
{[%clk 0:49:54]} 44. c5 {[%clk 0:47:43]} 1-0

[Event "George Trundle NZ Masters 2017"]
[Site "Auckland, NZL"]
[Date "2017.10.08"]
[Round "9.4"]
[White "Hague, Ben"]
[Black "Ang, Alphaeus Wei Ern"]
[Result "0-1"]
[BlackElo "2228"]
[WhiteElo "2365"]
[LiveChessVersion "1.4.8"]

1. e4 {[%clk 1:30:57]} g6 {[%clk 1:30:49]} 2. d4 {[%clk 1:31:22]} Bg7
{[%clk 1:31:17]} 3. Nc3 {[%clk 1:31:47]} d6 {[%clk 1:31:43]} 4. f4
{[%clk 1:32:09]} Nf6 {[%clk 1:31:30]} 5. Nf3 {[%clk 1:32:30]} O-O
{[%clk 1:31:41]} 6. e5 {[%clk 1:32:16]} Nfd7 {[%clk 1:27:57]} 7. Bc4
{[%clk 1:31:42]} Nb6 {[%clk 1:22:10]} 8. Bb3 {[%clk 1:31:26]} dxe5
{[%clk 1:21:09]} 9. fxe5 {[%clk 1:31:48]} Nc6 {[%clk 1:16:19]} 10. a4
{[%clk 1:30:35]} a5 {[%clk 1:11:56]} 11. Be3 {[%clk 1:28:20]} Bg4
{[%clk 1:05:01]} 12. O-O {[%clk 1:24:44]} Qd7 {[%clk 1:00:41]} 13. Qd2
{[%clk 1:21:29]} Rad8 {[%clk 0:58:13]} 14. Rad1 {[%clk 1:20:33]} Nb4
{[%clk 0:52:01]} 15. Bh6 {[%clk 1:12:47]} Nc6 {[%clk 0:34:18]} 16. Ne2
{[%clk 1:01:09]} Bxf3 {[%clk 0:28:34]} 17. Rxf3 {[%clk 0:53:04]} Nxe5
{[%clk 0:27:49]} 18. Rh3 {[%clk 0:52:55]} Qxh3 {[%clk 0:28:04]} 0-1

[Event "George Trundle NZ Masters 2017"]
[Site "Auckland, NZL"]
[Date "2017.10.08"]
[Round "9.5"]
[White "Johansen, Darryl K"]
[Black "Gong, Daniel Hanwen"]
[Result "1/2-1/2"]
[BlackElo "2252"]
[WhiteElo "2380"]
[LiveChessVersion "1.4.8"]

1. c4 {[%clk 1:30:15]} Nf6 {[%clk 1:30:50]} 2. Nc3 {[%clk 1:30:37]} g6
{[%clk 1:31:16]} 3. d4 {[%clk 1:30:30]} Bg7 {[%clk 1:31:41]} 4. e4
{[%clk 1:30:49]} d6 {[%clk 1:32:07]} 5. h3 {[%clk 1:31:06]} O-O {[%clk 1:32:32]}
6. Bg5 {[%clk 1:31:27]} c5 {[%clk 1:30:46]} 7. d5 {[%clk 1:31:17]} e6
{[%clk 1:31:01]} 8. Bd3 {[%clk 1:23:57]} exd5 {[%clk 1:31:15]} 9. exd5
{[%clk 1:24:19]} Re8+ {[%clk 1:31:07]} 10. Nge2 {[%clk 1:24:42]} Nbd7
{[%clk 1:31:04]} 11. O-O {[%clk 1:20:18]} Ne5 {[%clk 1:31:03]} 12. Ng3
{[%clk 1:17:37]} Nxd3 {[%clk 1:24:25]} 13. Qxd3 {[%clk 1:17:19]} 1/2-1/2